000 00366nam a2200169Ia 4500
003 0100
008 130303s9999 xx 000 0 und d
040 _cARRUPELIB
050 _aQC23.H561985
100 _aGittewitt, Paul
245 _aConceptual Physics
260 _aBoston
260 _bLittle, Brown Co.
260 _C1985
300 _a650p
942 0 0 _01
999 _c23194
_d23194